000 00437nam a2200181Ia 4500
005 20250508162704.0
008 008 250505s9999 xx 000 0 hin d
037 _aTextual
040 _aFEDL
_beng
_cFEDL
041 _ahin
_2eng
084 _aFH, KOH
_qFEDL
100 _aKohli Narendra
245 0 _aMahasmar-ek bandhan
260 _c1988
300 _a493p.
942 _cTEXL
_hFH, KOH
999 _c1378072
_d1378072